Statistics for Countries of Africa in 1882 (with a Map)

Click here to take the quiz!

General Stats

  • This quiz has been taken 328 times
  • The average score is 20 of 209

Answers on the Map

Answers color-coded by a green-red scale on the quiz's map according to % correct below.
Loading ...
 

Answer Stats

Answer% Correct
Egypt
97%
United Kingdom
92%
Morocco
92%
Spain
91%
France
91%
Ottoman Empire
89%
Portugal
88%
Abyssinia
82%
Imerina
81%
International Congo Society
60%
Liberia
54%
Rwanda
46%
Swaziland
45%
Burundi
44%
Zanzibar
40%
Orange Free State
39%
Zululand
39%
Maravi
36%
35%
Transvaal
34%
Benin
34%
Kong
23%
Sokoto
15%
Dar al-Kuti
14%
Abuja
13%
Ashanti
12%
Aïr
12%
Buganda
12%
Oyo
11%
Dahomey
11%
Bornu
11%
Janjero
9%
Mthwakazi
9%
Kel Ahaggar
8%
Yao
8%
Luba
7%
Lunda
7%
Bunyoro
6%
Ouaddai
6%
Wogodogo
6%
Barotseland
6%
Loango
5%
Futa Djallon
5%
Toucouleur
5%
Zaria
5%
Owo
5%
Kazembe
5%
Chokwe
5%
Ankole
5%
Geledi
5%
Hobyo
5%
Aussa
5%
Tippu Tip's State
4%
Gomma
4%
Kakongo
4%
Jimma
4%
Kuba
4%
Karagwe
4%
Toro
4%
Kaffa
4%
Majeerteen
4%
Kasanje
4%
Aro
4%
Baghirmi
4%
Yaka
4%
Mwali
4%
Gaza
4%
Bemihisatra
4%
Yeke
4%
Ngoyo
4%
Zamfara
4%
Wassoulou
4%
Adrar
4%
Damagaram
4%
Warsangali
4%
Katsina
4%
Dendi
4%
Ndzuwani
4%
Ondo
3%
Kebbi
3%
Ngazidja Sultanates
3%
Limmu-Ennarea
3%
Onilahy
3%
Kom
3%
Onitsha
3%
Nri
3%
Potiskum
3%
Mpondoland
3%
Mbunda
3%
Porto-Novo
3%
Koena
3%
Tekna
3%
Rozvi
3%
Gumma
3%
Zemio
3%
Yatenga
3%
Bangassou
3%
Wukari
3%
Bono-Tekyiman
3%
Brakna
3%
Bundu
3%
Dagomba
3%
Warri
3%
Viye
3%
Gcalekaland
3%
Gera
3%
Tshibiri
3%
Tagant
3%
Ilé-Ifé
3%
Stellaland
3%
Ilorin
3%
Tawana
3%
Tenkodogo
2%
Witu
2%
Xiani
2%
Yashikira
2%
Rehoboth
2%
Rafai
2%
Sama
2%
Yauri
2%
Zafimanely
2%
Sabon Bimi
2%
Okrika
2%
Welayta
2%
Rabih's Empire
2%
Opobo
2%
Wase
2%
Piela
2%
Osogbo
2%
Tado
2%
Wambu
2%
Urambo
2%
Rizim
2%
Nyamwezi Kingdoms
2%
Thembuland
2%
Tera
2%
Paraku
2%
Pategi
2%
Ogwashi-Uku
2%
Abeokuta
2%
Nungu
2%
Bonny
2%
Gumel
2%
Goshen
2%
Gombe
2%
Gliji
2%
Futa Toro
2%
Fingoland
2%
Fika
2%
Fada N'gourma
2%
Ekiti
2%
Dutse
2%
Dosso
2%
Dawro
2%
Daura
2%
Borgu
2%
Biu
2%
Gwanara
2%
Alada
2%
Agaie
2%
Agbor
2%
Ajasse
2%
Akure
2%
Akwa Akpa
2%
Akyem
2%
Babungo
2%
Bilanga
2%
Bade
2%
Badibu
2%
Bamun
2%
Bauchi
2%
Bemba
2%
Bibemi
2%
Gurma
2%
Gwandu
2%
Ntem
2%
Lafia
2%
Niumi
2%
Ngwato
2%
Ngwaketse
2%
Nembe
2%
Muri
2%
Misau
2%
Mboum
2%
Maradi
2%
Mandara
2%
Magba
2%
Liptako
2%
Lete
2%
Lapai
2%
Lafiagi
2%
Kwara
2%
Gwiriko
2%
Kalabari
2%
Hadejia
2%
Igala
2%
Ijebu
2%
Jamaare
2%
Jema'a
2%
Jugu
2%
Kalukembe
2%
Kuala
2%
Katagum
2%
Kazaure
2%
Keffi
2%
Kénédougou
2%
Kika
2%
Kontagora
2%
Koya
2%

Score Distribution

Percentile by Number Answered

Percent of People with Each Score

Your Score History

You have not taken this quiz